[Event "Belaya Kalitva"]
[Site "Belaya Kalitva"]
[Date "2007.10.17"]
[Round "2.10"]
[White "Malasaj, Boris"]
[Black "Kupriyanov, A."]
[Result "1-0"]
[WhiteElo "2266"]
[BlackElo "2228"]
[PlyCount "37"]
[EventDate "2007.10.16"]
[EventType "tourn"]
[EventRounds "11"]
[EventCountry "RUS"]
[SourceTitle "EXT 2022"]
[Source "ChessBase"]
[SourceDate "2021.10.06"]
[SourceVersion "1"]
[SourceVersionDate "2021.10.06"]
[SourceQuality "1"]

1. e4 c5 2. Nf3 Nf6 3. Nc3 d6 4. d4 cxd4 5. Nxd4 e5 6. Nb3 Be6 7. Bb5+ Nc6 8. 0-0 a6 9. Be2 d5 10. exd5 Nxd5 11. Ne4 b6 12. Ng5 Nc7 13. Bf3 Bd5 14. Be3 Be7 15. c4 Bxf3 16. Qxf3 Nd4 17. Qxf7+ Kd7 18. Nxd4 exd4 19. Rad1 1-0

[Event "Belaya Kalitva"]
[Site "Belaya Kalitva"]
[Date "2007.10.17"]
[Round "3.17"]
[White "Prokhoda, Nikola"]
[Black "Malasaj, Boris"]
[Result "0-1"]
[WhiteElo "2280"]
[BlackElo "2266"]
[PlyCount "83"]
[EventDate "2007.10.16"]
[EventType "tourn"]
[EventRounds "11"]
[EventCountry "RUS"]
[SourceTitle "EXT 2022"]
[Source "ChessBase"]
[SourceDate "2021.10.06"]
[SourceVersion "1"]
[SourceVersionDate "2021.10.06"]
[SourceQuality "1"]

1. c4 e5 2. Nc3 Nf6 3. Nf3 d6 4. d4 exd4 5. Nxd4 Be7 6. g3 0-0 7. Bg2 Re8 8. 0-0 c6 9. e4 Bg4 10. f3 Bd7 11. Be3 Qc8 12. Re1 Na6 13. Rc1 Nc7 14. Nb3 Be6 15. Ne2 b6 16. Nf4 Bd7 17. Re2 Bf8 18. Bd4 Qd8 19. Qd3 c5 20. Bxf6 Qxf6 21. Rce1 Rad8 22. Qc2 Ba4 23. Nd5 Nxd5 24. exd5 Rxe2 25. Rxe2 b5 26. Re4 g6 27. cxb5 Bxb5 28. Qc3 Bg7 29. Qxf6 Bxf6 30. Bf1 Rb8 31. Bxb5 Rxb5 32. Ra4 Bxb2 33. Nd2 Kg7 34. Nc4 Bd4+ 35. Kf1 Kf6 36. Rxa7 Rb1+ 37. Ke2 Rc1 38. Nxd6 Ke5 39. Kd2 Rh1 40. Nxf7+ Kxd5 41. Ng5 Rxh2+ 42. Kd1 0-1

[Event "Belaya Kalitva"]
[Site "Belaya Kalitva"]
[Date "2007.10.16"]
[Round "1.4"]
[White "Bekker, Maxim"]
[Black "Malasaj, Boris"]
[Result "1-0"]
[WhiteElo "2180"]
[BlackElo "2266"]
[PlyCount "73"]
[EventDate "2007.10.16"]
[EventType "tourn"]
[EventRounds "11"]
[EventCountry "RUS"]
[SourceTitle "EXT 2022"]
[Source "ChessBase"]
[SourceDate "2021.10.06"]
[SourceVersion "1"]
[SourceVersionDate "2021.10.06"]
[SourceQuality "1"]

1. d4 e6 2. c4 d5 3. Nc3 Nf6 4. cxd5 exd5 5. Bg5 c6 6. e3 h6 7. Bh4 Be7 8. Bd3 0-0 9. Qc2 Re8 10. Nge2 Nbd7 11. 0-0 Nf8 12. f3 N6h7 13. Bf2 Bd6 14. e4 f6 15. exd5 cxd5 16. Nxd5 Be6 17. Ndf4 Bf7 18. Rac1 Re7 19. Bc4 Ng5 20. Bxf7+ Nxf7 21. Nd3 Qa5 22. Nc3 Qh5 23. Bg3 Bxg3 24. hxg3 Nd6 25. Qf2 Qf7 26. Rfe1 Rc7 27. Nf4 Rac8 28. d5 b5 29. Rcd1 Nd7 30. Re6 b4 31. Rxd6 bxc3 32. bxc3 Nb6 33. Rd3 Rxc3 34. Rxc3 Rxc3 35. Rd8+ Kh7 36. Qd2 Rc8 37. Rxc8 1-0

[Event "Sukhumi op"]
[Site "Sukhumi"]
[Date "2006.08.09"]
[Round "6"]
[White "Kuzmenko, Elena"]
[Black "Malasaj, Boris"]
[Result "0-1"]
[WhiteElo "2122"]
[BlackElo "2252"]
[PlyCount "28"]
[EventDate "2006.08.04"]
[EventType "swiss"]
[EventRounds "9"]
[EventCountry "GEO"]
[SourceTitle "EXT 2011"]
[Source "ChessBase"]
[SourceDate "2010.11.26"]
[SourceVersion "1"]
[SourceVersionDate "2010.11.26"]
[SourceQuality "1"]

1. d4 d5 2. c4 e5 3. dxe5 d4 4. e3 Bb4+ 5. Bd2 dxe3 6. Qa4+ Nc6 7. fxe3 Qh4+ 8. Kd1 Bg4+ 9. Nf3 0-0-0 10. Be2 Qf2 11. Nc3 Bxf3 12. gxf3 Qxe3 13. Qc2 Nge7 14. Kc1 Qxe5 0-1